000 01376cam a22004094i 4500
003 PE-LiUPU
005 20250731173026.0
008 150623s r 000 0 d
035 _a(Sirsi) a23736
040 _aPE-LiUPU
_bspa
_cPE-LiUPU
_erda
082 0 4 _a221.68
_bL13
_221
100 1 _aLabuschagne, Casper J.,
_eautor.
245 1 0 _aNumerical secrets of the Bible :
_brediscovering the Bible codes /
_cpor Casper J. Labuschagne.
264 1 _aRichland Hills, Texas :
_bBibal Press,
_c2000.
300 _a192 cm. ;
_c21 cm.
336 _atext
_2rdacontent
337 _aunmediated
_2rdamedia
338 _avolume
_2rdacarrier
505 0 _aCounting Hebrew Letters, Words, and Verses in Jewish Tradition.
526 _aSEG42
526 _aSEG41
526 _aSEG40
526 _aSEG39
526 _aP94
526 _aP87
526 _aP86
526 _aP85
526 _aP77
526 _aP76
526 _aP35
650 0 4 _aNúmeros en la biblia.
942 _2ddc
_cBOOK
949 _a221.68 L13
_wDEWEY
_c1
_i47972
_lCCODEBUL1
_mBUL
_p00.00
_r0
_sY
_tBOOK
_u2015-06-24
_xTEOLOGIA
_PP35
_0COMPRA
_o.STAFF. Colección General
596 _a1
999 _a221.68 L13
_wDEWEY
_c24447
_i47972
_f2021-11-9
_g5
_lCCODEBUL1
_mBUL
_r0
_sY
_tBOOK
_u2015-6-24
_xTEOLOGIA
_PP35
_0COMPRA
_o.STAFF. Colección General
_d24447
980 _81
_gALBERTO SANCHEZ Responsable de Automatización